| 000 | 01830 a2200325 4500 | ||
|---|---|---|---|
| 005 | 20140904102838.0 | ||
| 008 | 140304s1983 xxu g 0 m mul d | ||
| 040 |
_aCO-BoUCM _bspa _cJose A. Gerena (modificó) |
||
| 041 | _aeng | ||
| 041 | _afre | ||
| 092 | _aDVD 1333 | ||
| 245 | 0 | 0 |
_aFlashdance _cAdrian Lyne, director _h[DVD] |
| 260 |
_aHollywood (Los Ángeles, california) _bParamount Pictures _c1983 |
||
| 300 |
_a1 DVD, 94 minutos _bimagen, sonido, color |
||
| 500 | _aSINOPSIS: Una mujer de Pittsburgh con dos puestos de trabajo como un soldador y una bailarina exótica quiere entrar en la escuela de ballet | ||
| 508 | _aCRÉDITOS: Dirigida por Adrian Lyne ; guion por Thomas Hedley Jr. y Joe Eszterhas ; producida por Jerry Bruckheimer ; música por Giorgio Moroder ; fotografía por Donald Peterman ; diseño de producción por Charles Rosen ; ambientación por Marvin March ; vestuario por Michael Kaplan ; maquillaje por Rick Sharp | ||
| 511 | 0 | _aREPARTO: Jennifer Beals, Michael Nouri, Lilia Skala, Sunny Johnson, Kyle T. Heffner, Lee Ving, Ron Karabatsos, Belinda Bauer, Malcolm Danare, Philip Bruns | |
| 546 | _aAudio en inglés y francés. Subtítulos en inglés y español | ||
| 650 | 4 |
_957043 _aAmor en el cine _vDVD |
|
| 650 | 4 |
_957124 _aDrama en el cine _vDVD |
|
| 650 | 7 |
_951326 _aPelículas cinematográficas _zEstados Unidos _vDVD |
|
| 650 | 7 |
_957074 _aPelículas musicales _vDVD |
|
| 690 |
_942805 _aEntretenimiento |
||
| 700 | 1 |
_aLyne, Adrian _edirector _957921 |
|
| 710 | 2 |
_aParamount Pictures _948549 |
|
| 710 | 2 |
_aPolyGram Filmed Entertainment _957922 |
|
| 765 | 0 | _tFlashdance | |
| 856 | 4 | 0 |
_uhttp://www.youtube.com/watch?v=NV6IbcZVjuk _zSiga este enlace para ver el trailer _zTrailer tomado del canal Paramount Movies vía YouTube.com |
| 942 |
_2LOCAL _a11 _cMULTIMEDIA _e1 _hDVD 1333 |
||
| 999 |
_c240058 _d240058 |
||